| 000 | 01190nam0a2200337 4500 | ||
|---|---|---|---|
| 001 | RU\NLR\bibl\1757903 | ||
| 005 | 20250616122948.0 | ||
| 010 |
_a978-5-4295-0003-4 _94000 |
||
| 021 |
_aRU _b2011-21822 _91543 |
||
| 035 | _a(NLR Aleph) 001748730 | ||
| 090 |
_a1505284 _c1505284 |
||
| 100 | _a20110412d2011 |||y0rusy50 ca | ||
| 101 | 1 |
_arus _ceng |
|
| 102 | _aRU | ||
| 105 | _aa ||||||||| | ||
| 200 | 1 |
_aУгорь _fРичард Швейд _gпер. с англ. Вадима Михайлина |
|
| 210 |
_aМосква _cЮнайтед Пресс _d2011 |
||
| 215 |
_a227 с. _cил., цв. ил. _d19 |
||
| 225 | 1 |
_aСерия Животные _fред. С. Петров |
|
| 300 | _aЗагл. и авт. ориг.: Eel / Richard Schweid | ||
| 320 | _aБиблиогр.: с. 220-224 | ||
| 454 | 0 |
_12001#$aEel _1700#1$aSchweid$bR.$gRichard$4070 _tEel _aSchweid, Richard |
|
| 606 | 1 |
_aУгорь _jПопулярные издания _91347991 _3RU\NLR\auth\66247823 |
|
| 686 | _aЕ693.325.7я9 | ||
| 700 | 1 |
_aШвейд _bР. _gРичард _4070 |
|
| 801 | 0 |
_aRU _bNLR _c20110412 _gRCR |
|
| 801 | 1 |
_aRU _bNLR _c20110412 |
|
| 942 | _cBOOK | ||
| 980 | _aNB | ||
| 980 | _aNBR | ||